|
|
|
|
| LEADER |
00000nab a2200000 ar4500 |
| 001 |
vtls008991801 |
| 003 |
SK-MaSNL |
| 005 |
20260303064650.0 |
| 008 |
070523c2007 xo wr|p|||||||000 b|slo |
| 015 |
|
|
|a SNBRB2007/05
|2 snkbucl
|
| 040 |
|
|
|a SNKBUCL
|b slo
|c SNKBUCL
|e AACR2
|
| 041 |
0 |
|
|a cze
|
| 044 |
|
|
|a xo
|c SK
|
| 080 |
|
|
|a 32-051
|2 2001
|
| 080 |
|
|
|a 342.518
|x (430)
|2 2001
|
| 080 |
|
|
|a 329
|x (430)
|b LP
|2 2001
|
| 100 |
1 |
|
|a Palata, Radek,
|d 1971-
|4 aut
|9 103309
|
| 245 |
1 |
0 |
|a Pád labouristů
|c Radek Palata
|
| 300 |
|
|
|b Fotogr.
|
| 500 |
|
|
|a Do č. 5 vychádzalo periodikum ako Domino fórum
|
| 600 |
1 |
7 |
|a Blair, Tony,
|d 1953-
|2 snkbucl
|9 222567
|
| 610 |
2 |
7 |
|a Labouristická strana (Veľká Británia)
|x preferencie
|2 snkbucl
|9 1063628
|
| 610 |
1 |
7 |
|a Veľká Británia
|b Predseda vlády (1997-2007 : Blair)
|x ukončenie funkcie
|2 snkbucl
|9 1063629
|
| 773 |
0 |
|
|t Domino efekt
|g Roč. XVI, č. 17 (2007), s. 20
|x 1335-4426
|
| 852 |
|
|
|a SNK
|b KIS3GCP
|
| 958 |
|
|
|a GB
|
| 999 |
|
|
|c 1748113
|d 1750043
|